| 000 | 01144nam a22003378i 4500 | ||
|---|---|---|---|
| 001 | 017001465 | ||
| 003 | Uk | ||
| 005 | 20230412103152.0 | ||
| 008 | 141120s2015 enk 000|f|eng|d | ||
| 015 |
_aGBB501437 _2bnb |
||
| 020 |
_a9781447253525 (pbk.) : _c£14.99 |
||
| 040 |
_aStDuBDS _beng _cStDuBDS _erda |
||
| 082 | 0 | 4 |
_a813.54 _223 |
| 100 | 1 |
_aSt. Aubyn, Edward, _d1960- _eauthor. |
|
| 240 | 1 | 0 |
_aNovels. _kSelections. |
| 245 | 1 | 4 |
_aThe Patrick Melrose novels / _cEdward St Aubyn. |
| 264 | 1 |
_aLondon : _bPicador, _c2015. |
|
| 300 |
_a1 volume ; _c20 cm. |
||
| 336 |
_atext _2rdacontent. |
||
| 337 |
_aunmediated _2rdamedia. |
||
| 338 |
_avolume _2rdacarrier. |
||
| 505 | 0 | _aNever mind -- Bad news -- Some hope -- Mother's milk -- At last. | |
| 650 | 0 |
_aMelrose, Patrick (Fictitious character) _vFiction. |
|
| 700 | 1 | 2 |
_aSt. Aubyn, Edward, _d1960- _tNever mind. |
| 700 | 1 | 2 |
_aSt. Aubyn, Edward, _d1960- _tBad news. |
| 700 | 1 | 2 |
_aSt. Aubyn, Edward, _d1960- _tSome hope. |
| 700 | 1 | 2 |
_aSt. Aubyn, Edward, _d1960- _tMother's milk. |
| 700 | 1 | 2 |
_aSt. Aubyn, Edward, _d1960- _tAt last. |
| 942 |
_2ddc _cFIC |
||
| 999 |
_c9555 _d9556 |
||